Price theory
Contents: The behavior of consumers; the behavior of firms; production and costs; the theory of games; common proverty and publis goods.
Bewaard in:
| Hoofdauteur: | |
|---|---|
| Formaat: | Boek |
| Taal: | Undetermined |
| Gepubliceerd in: |
Australia
Thomson
2008
|
| Onderwerpen: | |
| Tags: |
Voeg label toe
Geen labels, Wees de eerste die dit record labelt!
|
| Thư viện lưu trữ: | Trung tâm Học liệu Trường Đại học Cần Thơ |
|---|
| LEADER | 00628nam a2200193Ia 4500 | ||
|---|---|---|---|
| 001 | CTU_153519 | ||
| 008 | 210402s9999 xx 000 0 und d | ||
| 082 | |a 338.52 | ||
| 082 | |b L263 | ||
| 100 | |a Landsburg, Steven E. | ||
| 245 | 0 | |a Price theory | |
| 245 | 0 | |c Steven E. Land | |
| 260 | |a Australia | ||
| 260 | |b Thomson | ||
| 260 | |c 2008 | ||
| 520 | |a Contents: The behavior of consumers; the behavior of firms; production and costs; the theory of games; common proverty and publis goods. | ||
| 650 | |a Microeconomics.,Kinh tế vi mô | ||
| 904 | |i Tuyến | ||
| 980 | |a Trung tâm Học liệu Trường Đại học Cần Thơ | ||